Normal view
MARC view
Entry Personal Name
001 - CONTROL NUMBER
- control field: 4461
003 - CONTROL NUMBER IDENTIFIER
- control field: ARRUPE
005 - DATE AND TIME OF LATEST TRANSACTION
- control field: 20131129140135.0
008 - FIXED-LENGTH DATA ELEMENTS
- fixed length control field: 131129|| aca||aabn | a|a d
040 ## - CATALOGING SOURCE
- Original cataloging agency: ARRUPE
- Transcribing agency: ARRUPE
100 ## - HEADING--PERSONAL NAME
- Personal name: Sartre, Jean-Paul,
- Dates associated with a name: 1905-1980.
- Title of a work: Etre et le néant.
670 ## - SOURCE DATA FOUND
- Source citation: Work cat.: (ARRUPE)0: Wider, Kathleen Virginia, 1944- 4460, The bodily nature of consciousness :, 1997.